| 000 | 01356nam0a2200349 4500 | ||
|---|---|---|---|
| 001 | RU\NLR\bibl\320296 | ||
| 005 | 20250621142735.0 | ||
| 021 |
_aRU _b2002-27673 _91374 |
||
| 035 | _a(NLR Aleph) 000315357 | ||
| 090 |
_a63472 _c63472 |
||
| 100 | _a20021008d2002 |||y0rusy50 ca | ||
| 101 | 0 | _arus | |
| 102 | _aRU | ||
| 105 | _ay ||||||||| | ||
| 200 | 1 |
_aПроблемы обыденного сознания и здравого смысла в истории философии _fП.В. Челышев _gМ-во образования Рос. Федерации, Моск. гос. горный ун-т, Каф. философии и культурологии |
|
| 210 |
_aМ. _cМГГУ _d2002 |
||
| 215 |
_a198 с. _d21 |
||
| 320 | _aБиблиогр.: с. 181- 196 (244 назв.) | ||
| 606 | 0 |
_aОбыденное сознание _91530995 _3RU\NLR\auth\66666619 |
|
| 610 | 0 | _aФилософия - История | |
| 610 | 0 | _aСознание | |
| 675 |
_a1(091) _v3 _zrus |
||
| 686 |
_a02 _2rugasnti |
||
| 686 |
_a87.3 _2rubbk |
||
| 686 | _aЮ212.21 | ||
| 700 | 1 |
_4070 _7ca _8rus _aЧелышев _bП. В. _f1954- _gПавел Валентинович _9255702 _3RU\NLR\AUTH\770255758 |
|
| 801 | 0 |
_aRU _bRKP _c20021008 _gPSBO |
|
| 801 | 1 |
_aRU _bRKP _c20021008 |
|
| 801 | 2 |
_aRU _bNLR _c20030116 _grcr |
|
| 942 | _cBOOK | ||
| 980 | _aNB | ||